000 00393nam a2200145Ia 4500
008 230917s9999||||xx |||||||||||||| ||und||
040 _e169809
_aMAIN
041 _aEnglish
082 _a891.432741 DM26S
100 _aमनोरंजन दास
245 0 _aशब्द लिपि
260 _aदिल्ली
_bराजेश
_c1978
300 _a70 पृ. p.
942 _cHN
999 _c191842
_d191842